Cultural sustainability and regional development : theories and practices of territorialism (Record no. 254101)

MARC details
000 -LEADER
fixed length control field 00977nam a2200253Ia 4500
008 - FIXED-LENGTH DATA ELEMENTS--GENERAL INFORMATION
fixed length control field 191130s2016##################000#0#eng##
020 ## - INTERNATIONAL STANDARD BOOK NUMBER
ISBN 9781138830080
082 ## - DEWEY DECIMAL CLASSIFICATION NUMBER
Classification number 307.12 DES
245 ## - TITLE STATEMENT
Title Cultural sustainability and regional development : theories and practices of territorialism
Statement of responsibility, etc edited by Joost Dessein, Elena Battaglini and Lummina Horlings
260 ## - PUBLICATION, DISTRIBUTION, ETC. (IMPRINT)
Place of publication New York
Name of publisher Routledge, is an imprint of the Taylor & Francis Group, an Informa business
Year of publication 2016
300 ## - PHYSICAL DESCRIPTION
Number of Pages xiv, 267 p ; 24 cm.
500 ## - GENERAL NOTE
General note Includes bibliographical references and index
650 ## - SUBJECT ADDED ENTRY--TOPICAL TERM
Topical Term Cultural policy - Case studies
Topical Term Human ecology - Case studies
Topical Term Regional planning - Social aspects - Case studies
Topical Term Sustainable development - Case studies
700 ## - ADDED ENTRY--PERSONAL NAME
Personal name Battaglini, Elena
Personal name Dessein, Joost
Personal name Horlings, Lummina
991 ## -
-- 452402
Holdings
Withdrawn status Lost status Damaged status Not for loan Home library Current library Shelving location Date acquired Full call number Accession Number Price effective from Koha item type
        Anna Centenary Library Anna Centenary Library 3RD FLOOR, B WING 13.10.2020 307.12 DES 584520 13.10.2020 English Books

Find us on the map